000 00459nam a2200169Ia 4500
005 20250508151739.0
008 008 250505s9999 xx 000 0 eng d
037 _aTextual
040 _aFEDL
_beng
_cFEDL
041 _aeng
_2eng
084 _a374.954, VED
_qFEDL
100 _aVeda Prakasha
245 0 _aSocio-educational study of rural life in Rajasthan
300 _a17p.
942 _cTEXL
_h374.954, VED
999 _c1331892
_d1331892